La ligne verte de A à Z - Statistiques

Statistiques générales
  • Ce quiz a été pris 23 fois
  • Le résultat moyen est 17 sur 24
Statistiques - réponses
Hint Réponse % Correct
E : Objet qui doit être mouillé avant une exécution Eponge
94%
G : de par sa taille, on peut dire que le détenu aux pouvoirs surnaturels en est un Géant
94%
H : nom de l'acteur qui joue le rôle de Paul Edgecomb, le gardien-chef Hanks
94%
N : couleur de peau du détenu aux pouvoirs surnaturels Noir
94%
U : le détenu aux pouvoir surnaturels soigne celle de Paul Edgecomb : infection... Urinaire
94%
V : ce pour quoi est accusé le détenu aux pouvoirs surnaturels Viol
94%
Z : Paul Edgecomb essaye de le rester (synonyme de calme) Zen
94%
J : prénom du détenu aux pouvoirs surnaturels John
88%
Q : nombre de gardiens qui travaillent depuis très longtemps au pénitencier Quatre
88%
T : prénom de l'acteur qui joue le rôle de Paul Edgecomb, le gardien-chef Tom
88%
L : Etat où se déroule l'histoire Louisiane
81%
O : le détenu aux pouvoir surnaturels ne met pas sa capuche lors de son exécution car il a peur de l'......... Obscurité
75%
R : nature des propos que tient l'avocat commis d'office de l'homme aux pouvoir surnaturel (synonyme de "ségrégationniste" Raciste
75%
A : origine du film Américaine
69%
F : genre du film Fantastique
69%
S : prénom de l'auteur du livre qui a inspiré le film Stephen
69%
K : nom de l'auteur du livre qui a inspiré le film King
63%
C : nom du rôle du détenu aux pouvoirs surnaturels Coffey
50%
I : ascendance d'un des détenus qui va être exécuté et , natif des Peuples Premiers Indienne
50%
P : prénom du gardien qui persécute tout le monde Percy
50%
B : surnom de Brutus Howell, l'adjoint du gardien Brutal
38%
M : nom de la souris adoptée par un détenu Mister Jingle
38%
D : nom du détenu qui adopte une souris Delacroix
25%
W : nom du détenu qui se fait appeler Billy the Kid Wharton
6%
Aucun quiz correspondant
Distribution des résultats
% des personnes avec chaque résultat
Percentile par nombre de réponses
Votre historique - résultats
Vous n’avez pas pris ce quiz